00555nam a2200181Ia 4500003000900000008004100009020001800050040001600068080001800084100001900102245012700121260004800248300001500296650001000311650002000321650002000341650001200361IN-BaIIA211028s9999 xx 000 0 eng d a0-521-65937-X cIIA Library a524.3-54bPRI aPrialnik, Dina 0aIntroduction to the theory of stellar structure and evolutioncDina Prialnik  aCambridgebCambridge University Pressc2000 axiii, 261p astars astars-evolution astars-structure astellar